[Event "FIDE World Rapid Team"]
[Site "London ENG"]
[Date "2025.06.11"]
[Round "2.5"]
[White "Garcia Martin, Marta"]
[Black "Gaal, Zsoka"]
[Result "1-0"]
[WhiteTitle "IM"]
[BlackTitle "WGM"]
[WhiteElo "2339"]
[BlackElo "2391"]
[WhiteTeam "ChessbrahTV"]
[BlackTeam "Team Hungary"]
[WhiteFideId "32084030"]
[BlackFideId "777765"]
[EventDate "2025.06.11"]
[EventType "team"]

1. e4 c6 2. d4 d5 3. e5 Bf5 4. Nf3 e6 5. c3 Ne7 6. Nh4 Be4 7. Nd2 Nf5 8. Nxe4
dxe4 9. Nxf5 exf5 10. Bc4 Na6 11. O-O b5 12. Bb3 Nc7 13. f3 e3 14. Bxe3 Nd5 15.
Bd2 Be7 16. a4 a6 17. Qb1 g6 18. Bh6 Bf8 19. Qc1 Rb8 20. axb5 axb5 21. Re1 Qd7
22. Qd2 Be7 23. Bg7 Rg8 24. Qh6 Bf8 25. Bxf8 Rxf8 26. Qxh7 Qe6 27. Ra7 Rd8 28.
Qh4 Rg8 29. Qg5 Rb8 30. Rea1 Rh8 31. Ra8 Qc8 32. Rxb8 Qxb8 33. Bxd5 cxd5 34. Qf6
Rh5 35. Qc6+ Kf8 36. Ra8 1-0

[Event "FIDE World Rapid Team"]
[Site "London ENG"]
[Date "2025.06.11"]
[Round "2.6"]
[White "Marton-John, Almos Kiran"]
[Black "Stojsin, Nikola"]
[Result "1/2-1/2"]
[WhiteElo "1987"]
[BlackElo "1716"]
[WhiteTeam "Team Hungary"]
[BlackTeam "ChessbrahTV"]
[WhiteFideId "17013135"]
[BlackFideId "39923894"]
[EventDate "2025.06.11"]
[EventType "team"]

1. e4 e5 2. Nf3 Nc6 3. Bc4 Nf6 4. d3 Bc5 5. c3 d6 6. O-O a6 7. Bb3 h6 8. Nbd2
Ba7 9. Qe2 O-O 10. h3 Ne7 11. Re1 Ng6 12. Nf1 Be6 13. Bc2 Nf4 14. Bxf4 exf4 15.
d4 d5 16. e5 Nh5 17. b4 Qd7 18. N3h2 g6 19. Ng4 Kh7 20. Ngh2 Bf5 21. Ng4 Bxc2
22. Qxc2 Qf5 23. Qxf5 gxf5 24. Ngh2 Rae8 25. Nf3 Rg8 26. N1d2 Re6 27. Nh4 Ng7
28. Ndf3 Rge8 29. Re2 Rc6 30. Rc1 Ree6 31. a4 Re8 32. Kf1 Ne6 33. Rcc2 Ng5 34.
Nxg5+ hxg5 35. Nxf5 Kg6 36. g4 Rce6 37. f3 f6 38. exf6 Rxe2 39. Rxe2 Rxe2 40.
Kxe2 Kxf6 41. Kd3 Bb8 42. c4 c6 43. b5 Bc7 44. h4 gxh4 45. Nxh4 Bd6 46. Nf5 Bf8
47. bxc6 bxc6 48. c5 Ke6 49. Kc3 a5 50. Kd3 Kf6 51. Nd6 Bxd6 52. cxd6 Ke6 53.
Ke2 Kxd6 54. Kf2 Ke6 55. Kg2 Kf6 56. Kh3 Kg5 57. Kh2 Kg6 58. Kg2 Kh6 59. Kf2 Kg6
60. Kf1 Kh6 61. Kg1 Kg6 62. Kg2 Kh6 63. Kh3 Kg5 64. Kh2 Kg6 1/2-1/2

[Event "FIDE World Rapid Team"]
[Site "London ENG"]
[Date "2025.06.11"]
[Round "2.1"]
[White "Gelfand, Boris"]
[Black "Vaidyanathan, Adithya"]
[Result "1-0"]
[WhiteTitle "GM"]
[WhiteElo "2652"]
[BlackElo "2111"]
[WhiteTeam "Rishon LeZion Chess Club"]
[BlackTeam "UK Chess Challenge Masters"]
[WhiteFideId "2805677"]
[BlackFideId "495450"]
[EventDate "2025.06.11"]
[EventType "team"]

1. Nf3 c5 2. c4 Nc6 3. d4 cxd4 4. Nxd4 Nf6 5. Nc3 e6 6. g3 Bb4 7. Bg2 O-O 8. O-O
Bxc3 9. bxc3 Na5 10. c5 d5 11. cxd6 Qxd6 12. Qa4 Qa6 13. Nb3 Nxb3 14. Qxa6 bxa6
15. axb3 Rb8 16. b4 Nd5 17. Bd2 Rb6 18. c4 Nxb4 19. Be3 Rd8 20. Bxb6 axb6 21.
Rfd1 Re8 22. Rd6 Kf8 23. Rxb6 Nc2 24. Ra2 Nd4 25. e3 Nf5 26. c5 Rd8 27. Bb7 Bxb7
28. Rxb7 Rc8 29. Rxa6 g6 30. c6 Ne7 31. Raa7 Re8 32. Rxe7 Rxe7 33. c7 Kg7 34.
Rb7 1-0

[Event "FIDE World Rapid Team"]
[Site "London ENG"]
[Date "2025.06.11"]
[Round "2.2"]
[White "Murawski, Jan"]
[Black "Steinberg, Nitzan"]
[Result "0-1"]
[WhiteTitle "CM"]
[BlackTitle "GM"]
[WhiteElo "2164"]
[BlackElo "2554"]
[WhiteTeam "UK Chess Challenge Masters"]
[BlackTeam "Rishon LeZion Chess Club"]
[WhiteFideId "21009287"]
[BlackFideId "2801795"]
[EventDate "2025.06.11"]
[EventType "team"]

1. d4 d5 2. c4 e6 3. Nc3 c5 4. cxd5 cxd4 5. Qxd4 Nc6 6. Qd1 exd5 7. Qxd5 Bd6 8.
Qg5 Nf6 9. Bf4 Bxf4 10. Qxf4 O-O 11. e3 Qb6 12. O-O-O Be6 13. Bc4 Rac8 14. Kb1
Nb4 15. Bxe6 Rxc3 16. Qd4 Rc5 17. Bb3 Nc6 18. Qd3 Nb4 19. Qd4 Nc6 20. Qd3 Ng4
21. Qe2 Nf6 22. Nf3 Ne4 23. Nd2 Nd6 24. Nc4 Nxc4 25. Bxc4 Ne5 26. Bb3 Qg6+ 27.
Ka1 Qxg2 28. h4 Rfc8 29. a3 Qe4 30. f4 Nc4 31. Bxc4 Rxc4 32. Rhg1 a6 33. h5 g6
34. hxg6 fxg6 35. f5 Rc2 36. Qg4 Rc1+ 37. Rxc1 Rxc1+ 38. Ka2 Qd5+ 0-1

[Event "FIDE World Rapid Team"]
[Site "London ENG"]
[Date "2025.06.11"]
[Round "2.3"]
[White "Sokolovsky, Yahli"]
[Black "Zhu, Pengxiao"]
[Result "1-0"]
[WhiteTitle "GM"]
[WhiteElo "2542"]
[BlackElo "1938"]
[WhiteTeam "Rishon LeZion Chess Club"]
[BlackTeam "UK Chess Challenge Masters"]
[WhiteFideId "2820242"]
[BlackFideId "499307"]
[EventDate "2025.06.11"]
[EventType "team"]

1. e4 e5 2. Nf3 Nc6 3. Bb5 a6 4. Ba4 Nf6 5. O-O b5 6. Bb3 Bc5 7. a4 Rb8 8. c3 d6
9. d4 Bb6 10. a5 Ba7 11. h3 O-O 12. Re1 Re8 13. Ng5 Rf8 14. Be3 h6 15. Nf3 Re8
16. Nbd2 exd4 17. cxd4 Ne7 18. Nh4 c5 19. d5 Ng6 20. Nxg6 fxg6 21. Bc2 g5 22. b3
g4 23. h4 Rb7 24. g3 Qc7 25. Bd3 Qf7 26. Qc2 Rf8 27. Re2 Nd7 28. Bf4 Qf6 29. e5
Nxe5 30. Bxe5 dxe5 31. Ne4 Qf3 32. Re3 Qf7 33. Nd6 Qxd5 34. Nxc8 Rxc8 35. Be4
Qd7 36. Bf5 Qc7 37. Be6+ Kh8 38. Bxc8 Qxc8 39. Rxe5 Rf7 40. Rae1 Rf8 41. Re7 Bb8
42. Qg6 Rg8 43. Re8 1-0

[Event "FIDE World Rapid Team"]
[Site "London ENG"]
[Date "2025.06.11"]
[Round "2.4"]
[White "Longson, Sarah N"]
[Black "Bronstein, Or"]
[Result "0-1"]
[WhiteTitle "WFM"]
[BlackTitle "IM"]
[WhiteElo "1941"]
[BlackElo "2443"]
[WhiteTeam "UK Chess Challenge Masters"]
[BlackTeam "Rishon LeZion Chess Club"]
[WhiteFideId "2501465"]
[BlackFideId "2815770"]
[EventDate "2025.06.11"]
[EventType "team"]

1. e4 c5 2. Nc3 d6 3. Nf3 a6 4. g3 Nc6 5. Bg2 Bg4 6. d3 g6 7. Be3 Bg7 8. Qd2
Bxf3 9. Bxf3 e6 10. Bg2 h5 11. O-O-O Nge7 12. Kb1 b5 13. f4 Rc8 14. e5 dxe5 15.
Bxc5 O-O 16. fxe5 Nxe5 17. Be3 Nf5 18. Bb7 Rxc3 19. bxc3 Qc7 20. Be4 Nxe3 21.
Qxe3 Qxc3 22. Qd2 Qa3 23. c3 Qd6 24. d4 Nc4 25. Qf4 Qa3 26. Qc1 Qa5 27. Rhf1 Rc8
28. Rf3 f5 29. Bc2 Na3+ 30. Ka1 Rxc3 31. Rf2 Qc7 0-1

[Event "FIDE World Rapid Team"]
[Site "London ENG"]
[Date "2025.06.11"]
[Round "2.5"]
[White "Lahav, Michal"]
[Black "Sefton, Adam"]
[Result "1/2-1/2"]
[WhiteTitle "WIM"]
[WhiteElo "2143"]
[BlackElo "2047"]
[WhiteTeam "Rishon LeZion Chess Club"]
[BlackTeam "UK Chess Challenge Masters"]
[WhiteFideId "2813742"]
[BlackFideId "343400965"]
[EventDate "2025.06.11"]
[EventType "team"]

1. e4 e6 2. d4 d5 3. Nd2 Nf6 4. e5 Nfd7 5. Bd3 c5 6. c3 Nc6 7. Ne2 Qb6 8. Nf3
Be7 9. O-O f6 10. exf6 Nxf6 11. Re1 O-O 12. Nf4 Nd8 13. Ne5 cxd4 14. cxd4 Nf7
15. Nh5 Nd6 16. Nxf6+ Bxf6 17. Qh5 Nf5 18. Bxf5 exf5 19. Qd1 Be6 20. Rb1 Rad8
21. Bf4 g5 22. Bc1 Bf7 23. h4 gxh4 24. Bh6 Bg7 25. Bg5 Bf6 26. Qd2 Bg6 27. Rbc1
Bxg5 28. Qxg5 Qf6 29. Qf4 Rfe8 30. Rc7 Re7 31. Rec1 Rxc7 32. Rxc7 Qb6 33. Nf3
Rd6 34. Rxb7 Qxb7 35. Qxd6 Qxb2 36. Qxd5+ Kg7 37. Qc4 Qb1+ 38. Kh2 Qe4 39. Qc7+
Kh6 40. Qd6 Qg4 41. Qf8+ Kh5 42. Qd6 h3 43. Qg3 hxg2 44. Qxg2 Bf7 45. a3 Bd5 46.
Qxg4+ Kxg4 47. Ne5+ Kf4 48. Nd7 Ke4 1/2-1/2

[Event "FIDE World Rapid Team"]
[Site "London ENG"]
[Date "2025.06.11"]
[Round "2.6"]
[White "Veselow, Zoe"]
[Black "Raiko, Yossi"]
[Result "1/2-1/2"]
[WhiteElo "1761"]
[BlackElo "1963"]
[WhiteTeam "UK Chess Challenge Masters"]
[BlackTeam "Rishon LeZion Chess Club"]
[WhiteFideId "497657"]
[BlackFideId "2835711"]
[EventDate "2025.06.11"]
[EventType "team"]

1. e4 c6 2. d4 d5 3. exd5 cxd5 4. c4 Nf6 5. Nc3 e6 6. Nf3 Be7 7. Bd3 dxc4 8.
Bxc4 O-O 9. O-O Nbd7 10. h3 Nb6 11. Bb3 Nbd5 12. Ne5 b6 13. Nc6 Qc7 14. Nxd5
Nxd5 15. Bxd5 exd5 16. Nxe7+ Qxe7 17. Bf4 Be6 18. Qd2 Rac8 19. Rac1 Qd7 20. b3
Rfe8 21. Rfe1 Rxc1 22. Rxc1 Rc8 23. Rc3 Rxc3 24. Qxc3 Qc8 25. Qxc8+ Bxc8 26. b4
a6 27. Bc7 b5 28. g4 h5 29. f3 Kh7 30. Kg2 Kg6 31. Kg3 hxg4 32. hxg4 f6 33. Kf4 1/2-1/2

[Event "FIDE World Rapid Team"]
[Site "London ENG"]
[Date "2025.06.11"]
[Round "2.1"]
[White "Momunaliev, Ruslan"]
[Black "Atlas, Valery"]
[Result "1-0"]
[WhiteTitle "CM"]
[BlackTitle "IM"]
[WhiteElo "2214"]
[BlackElo "2401"]
[WhiteTeam "Youth KG"]
[BlackTeam "Perfect"]
[WhiteFideId "13812211"]
[BlackFideId "12000035"]
[EventDate "2025.06.11"]
[EventType "team"]

1. e4 c5 2. Nf3 e6 3. g3 d6 4. Bg2 Nf6 5. d3 Be7 6. O-O O-O 7. Re1 Nbd7 8. c3
Ne5 9. Nxe5 dxe5 10. a4 b6 11. f4 Nd7 12. Na3 Ba6 13. Nc4 Bf6 14. f5 Qe7 15.
fxe6 fxe6 16. Qg4 Rad8 17. Be3 Nb8 18. Rad1 Nc6 19. h4 Kh8 20. Bh3 Rfe8 21. Rf1
Rd7 22. b3 Nd8 23. Rf3 Nf7 24. Bc1 Bc8 25. Rdf1 Rdd8 26. Bg5 Rg8 27. Qh5 Rdf8
28. Kh2 Nd6 29. Nxe5 Qe8 30. Qxe8 Nxe8 31. Ng4 h5 32. Nxf6 gxf6 33. Bxf6+ Rxf6
34. Rxf6 Nxf6 35. Rxf6 Kg7 36. Rf3 e5 37. Bxc8 Rxc8 38. Kg2 Kg6 39. Kf2 Re8 40.
Ke3 Re7 41. Rf8 Kg7 42. Rf5 Kg6 43. Ke2 Re8 44. Rf1 Re7 45. Rf8 Kg7 46. Rd8 Kh7
47. Rd6 Rg7 48. Kf2 Rf7+ 49. Kg2 Re7 50. g4 hxg4 51. Kg3 Rf7 52. Kxg4 Rf1 53.
Rd7+ Kh6 54. Rxa7 Rc1 55. Ra6 Rxc3 56. Rxb6+ Kg7 57. Rb5 Kf6 58. Rb6+ Ke7 59.
Kf5 Rxd3 60. Kxe5 Kd7 61. h5 Kc7 62. a5 Rd1 63. h6 Rh1 64. Kd5 Rh5+ 65. Kc4 Re5
66. Rg6 Rxe4+ 67. Kxc5 Re5+ 68. Kb4 Rh5 69. Ka4 Kb7 70. b4 Ka7 71. Rg7+ Ka6 72.
b5+ Rxb5 73. Rg6+ 1-0

[Event "FIDE World Rapid Team"]
[Site "London ENG"]
[Date "2025.06.11"]
[Round "2.2"]
[White "Zlotnik, Boris A"]
[Black "Kurbanbaev, Zalkar"]
[Result "1-0"]
[WhiteTitle "IM"]
[WhiteElo "2433"]
[BlackElo "2119"]
[WhiteTeam "Perfect"]
[BlackTeam "Youth KG"]
[WhiteFideId "4101413"]
[BlackFideId "13808524"]
[EventDate "2025.06.11"]
[EventType "team"]

1. d4 Nf6 2. c4 g6 3. Nc3 Bg7 4. e4 d6 5. h3 O-O 6. Bg5 c5 7. d5 e6 8. Bd3 exd5
9. exd5 Re8+ 10. Nge2 Nbd7 11. f4 h6 12. Bh4 a6 13. a4 Nf8 14. O-O Bd7 15. Qc2
Qc7 16. f5 g5 17. Bf2 Re7 18. Rab1 a5 19. Ng3 N8h7 20. Rfe1 Rae8 21. Rxe7 Rxe7
22. Qb3 h5 23. Nf1 g4 24. h4 Bh6 25. Qc2 Kg7 26. Bg3 Be8 27. Kh1 Qb8 28. Qf2 Qd8
29. Qg1 Kg8 30. Qh2 Rd7 31. Nb5 Bf8 32. Bf4 Qe7 33. Nd2 Rd8 34. Nc3 Nd7 35. Nde4
Ne5 36. Be2 f6 37. Re1 b6 38. Qg1 Bd7 39. Ng3 Qf7 40. Rf1 Be8 41. Qe3 Bg7 42.
Qd2 Qf8 43. Nce4 Bf7 44. Qc3 Qe8 45. Qb3 Bf8 46. Bd1 Rb8 47. Bc2 Qd8 48. Qc3 Bg7
49. Bxe5 fxe5 50. f6 Nxf6 51. Ng5 Rb7 52. Bf5 e4 53. Nxf7 Kxf7 54. Be6+ Kg6 55.
Qd2 Bh6 56. Qf2 e3 57. Qc2+ Kg7 58. Nf5+ Kh8 59. Nxh6 Nxd5 60. g3 1-0

[Event "FIDE World Rapid Team"]
[Site "London ENG"]
[Date "2025.06.11"]
[Round "2.3"]
[White "Beknazarov, Emir"]
[Black "Slavin, Gennadie"]
[Result "1-0"]
[WhiteElo "1878"]
[BlackElo "2207"]
[WhiteTeam "Youth KG"]
[BlackTeam "Perfect"]
[WhiteFideId "13816063"]
[BlackFideId "4104870"]
[EventDate "2025.06.11"]
[EventType "team"]

1. e4 e6 2. d3 d5 3. Nd2 Nf6 4. Ngf3 Bc5 5. e5 Nfd7 6. g3 f6 7. exf6 Qxf6 8. Bg2
O-O 9. O-O e5 10. d4 exd4 11. Nb3 Bd6 12. Qxd4 c6 13. Qxf6 Nxf6 14. Be3 a5 15.
Bc5 Ne4 16. Bxd6 Nxd6 17. Nc5 Na6 18. Nxa6 Rxa6 19. Nd4 Nf5 20. Rfd1 Rb6 21. b3
a4 22. Rac1 Re8 23. Kf1 1-0

[Event "FIDE World Rapid Team"]
[Site "London ENG"]
[Date "2025.06.11"]
[Round "2.4"]
[White "Arakhamia-Grant, Ketevan"]
[Black "Muradylov, Baiel"]
[Result "1/2-1/2"]
[WhiteTitle "GM"]
[WhiteElo "2269"]
[BlackElo "1864"]
[WhiteTeam "Perfect"]
[BlackTeam "Youth KG"]
[WhiteFideId "13600168"]
[BlackFideId "13821580"]
[EventDate "2025.06.11"]
[EventType "team"]

1. e4 c5 2. Nf3 d6 3. Bb5+ Bd7 4. Bxd7+ Qxd7 5. O-O Nf6 6. Re1 Nc6 7. c3 e6 8.
d4 cxd4 9. cxd4 d5 10. e5 Ne4 11. Nbd2 Nxd2 12. Bxd2 Be7 13. Rc1 O-O 14. a3 a6
15. Rc3 f6 16. Bf4 Rae8 17. exf6 Bxf6 18. Bg3 Qf7 19. Rce3 Qd7 20. h4 Bd8 21.
Qe2 Bf6 22. Qd2 h6 23. b4 Rf7 24. a4 b5 25. axb5 axb5 26. Rc1 Rc8 27. Rec3 Rff8
28. R3c2 Ne7 29. Rc7 Rxc7 30. Rxc7 Qe8 31. Be5 Qg6 32. h5 Qb1+ 33. Kh2 Qf5 34.
Bxf6 Qxf6 35. Ne5 Nf5 36. g3 Nd6 37. f3 Nc4 38. Nxc4 dxc4 39. f4 Rd8 40. Qe3
Rxd4 41. Rc6 Rd3 42. Qe4 Rd2+ 43. Kh3 Qf5+ 44. Qxf5 exf5 45. Rc5 Rb2 46. Rxb5 c3
47. Rxf5 Rxb4 48. Rc5 Rb3 49. Rc7 Kf8 50. Kg4 Kg8 51. Kf5 c2 52. Rxc2 Rxg3 53.
Rc8+ 1/2-1/2

[Event "FIDE World Rapid Team"]
[Site "London ENG"]
[Date "2025.06.11"]
[Round "2.5"]
[White "Keneshbekov, Elim"]
[Black "Atlas, Dmitry"]
[Result "1/2-1/2"]
[WhiteTitle "CM"]
[BlackTitle "FM"]
[WhiteElo "1883"]
[BlackElo "2107"]
[WhiteTeam "Youth KG"]
[BlackTeam "Perfect"]
[WhiteFideId "13816772"]
[BlackFideId "12000051"]
[EventDate "2025.06.11"]
[EventType "team"]

1. e4 e6 2. Nf3 d5 3. e5 c5 4. b4 c4 5. c3 a5 6. b5 Nd7 7. d4 cxd3 8. Bxd3 Qc7
9. Qe2 Ne7 10. O-O Ng6 11. Re1 Be7 12. g3 O-O 13. h4 f6 14. exf6 Nxf6 15. Ng5
Bc5 16. Kg2 e5 17. Bxg6 hxg6 18. Qxe5 Qxe5 19. Rxe5 Ng4 20. Re2 Nxf2 21. Be3
Bxe3 22. Rxe3 Ng4 23. Re2 Bf5 24. Na3 Rac8 25. Rc1 d4 26. c4 Ne3+ 27. Kh1 Rc5
28. Rd2 d3 29. Rc3 Re8 30. Rcxd3 Bxd3 31. Rxd3 Rf5 32. b6 Rf1+ 33. Kh2 Rf2+ 34.
Kh3 Rxa2 35. Nb5 Nxc4 36. Nc7 Rf8 37. Nce6 Nxb6 38. Nxf8 Kxf8 39. Rb3 Nd5 40.
Rxb7 a4 41. Ne6+ Ke8 42. Rxg7 Ne7 43. Nc7+ Kf8 44. Ne6+ Ke8 45. Nc7+ Kf8 46.
Ne6+ Ke8 47. Nc7+ 1/2-1/2

[Event "FIDE World Rapid Team"]
[Site "London ENG"]
[Date "2025.06.11"]
[Round "2.1"]
[White "Eren, Ataberk"]
[Black "Amartuvshin, Ganzorig"]
[Result "0-1"]
[WhiteTitle "IM"]
[BlackTitle "IM"]
[WhiteElo "2423"]
[BlackElo "2430"]
[WhiteTeam "Satranc Istanbul"]
[BlackTeam "Mongolia-A"]
[WhiteFideId "6349765"]
[BlackFideId "4902548"]
[EventDate "2025.06.11"]
[EventType "team"]

1. d4 Nf6 2. Nf3 e6 3. c4 Bb4+ 4. Nbd2 O-O 5. a3 Bxd2+ 6. Bxd2 Ne4 7. Rc1 b6 8.
e3 Bb7 9. Bc3 d6 10. Be2 Nd7 11. O-O Nxc3 12. Rxc3 Qe7 13. Nd2 e5 14. Bf3 e4 15.
Be2 c5 16. b4 f5 17. Nb3 Bc6 18. Qd2 Rad8 19. Rd1 Qh4 20. dxc5 dxc5 21. Qd6 Ba4
22. Qc7 Qf6 23. Rdc1 Ne5 24. Qxa7 Bxb3 25. bxc5 Nd3 26. cxb6 Nxc1 27. Rxc1 Qb2
28. Re1 Qxe2 0-1

[Event "FIDE World Rapid Team"]
[Site "London ENG"]
[Date "2025.06.11"]
[Round "2.2"]
[White "Munkhdalai, Amilal"]
[Black "Makaraci, Tunahan"]
[Result "1-0"]
[WhiteTitle "IM"]
[BlackTitle "FM"]
[WhiteElo "2385"]
[BlackElo "2233"]
[WhiteTeam "Mongolia-A"]
[BlackTeam "Satranc Istanbul"]
[WhiteFideId "4903250"]
[BlackFideId "6356559"]
[EventDate "2025.06.11"]
[EventType "team"]

1. e4 c5 2. Nf3 d6 3. Bb5+ Nc6 4. O-O Bd7 5. c3 Nf6 6. Re1 a6 7. Bf1 Bg4 8. h3
Bxf3 9. Qxf3 e6 10. Qd1 d5 11. exd5 Qxd5 12. Na3 Be7 13. Nc4 Rd8 14. a4 O-O 15.
Qb3 Qd7 16. d3 Nd5 17. a5 Qc7 18. g3 Bf6 19. Bg2 Rd7 20. Bd2 Rfd8 21. Qa3 Na7
22. Rad1 Nb5 23. Qa4 e5 24. Bc1 h6 25. h4 Re7 26. Qb3 Qd7 27. Nd2 Na7 28. Ne4
Qc7 29. c4 Nb4 30. Be3 Qxa5 31. Bxc5 Nxd3 32. Bb6 1-0

[Event "FIDE World Rapid Team"]
[Site "London ENG"]
[Date "2025.06.11"]
[Round "2.3"]
[White "Eken, Atakan"]
[Black "Munkhzul, Turmunkh"]
[Result "0-1"]
[BlackTitle "WGM"]
[WhiteElo "2010"]
[BlackElo "2236"]
[WhiteTeam "Satranc Istanbul"]
[BlackTeam "Mongolia-A"]
[WhiteFideId "6375626"]
[BlackFideId "4901878"]
[EventDate "2025.06.11"]
[EventType "team"]

1. e4 c5 2. Nf3 d6 3. c3 Nf6 4. Bd3 Nc6 5. Bc2 Bg4 6. h3 Bh5 7. d3 d5 8. Qe2
dxe4 9. dxe4 e6 10. Bf4 Be7 11. Nbd2 O-O 12. g4 Bg6 13. Nc4 Ne8 14. Rd1 Qc8 15.
h4 f6 16. a4 e5 17. Bc1 Qxg4 18. Ne3 Qh5 19. Bb3+ Kh8 20. Bd5 Nd6 21. Nf1 f5 22.
Ng3 Qg4 23. h5 Be8 24. Bxc6 Bxc6 25. Rxd6 fxe4 26. h6 exf3 27. hxg7+ Qxg7 28.
Bh6 fxe2 29. Bxg7+ Kxg7 30. Rg1 Bxd6 31. Nf5+ Kf6 0-1

[Event "FIDE World Rapid Team"]
[Site "London ENG"]
[Date "2025.06.11"]
[Round "2.4"]
[White "Gan-Od, Sereenen"]
[Black "Tahaoglu, Ugur Barkin"]
[Result "1-0"]
[WhiteTitle "FM"]
[WhiteElo "2320"]
[BlackElo "2015"]
[WhiteTeam "Mongolia-A"]
[BlackTeam "Satranc Istanbul"]
[WhiteFideId "4901304"]
[BlackFideId "6303331"]
[EventDate "2025.06.11"]
[EventType "team"]

1. Nf3 Nf6 2. g3 d5 3. Bg2 c6 4. O-O Bg4 5. c4 e6 6. d4 Nbd7 7. Qb3 Qb6 8. c5
Qa6 9. Nc3 b6 10. cxb6 axb6 11. h3 Bh5 12. g4 Bg6 13. g5 Ne4 14. Nh4 Nxc3 15.
Qxc3 Rc8 16. Nxg6 hxg6 17. e4 Bd6 18. Be3 O-O 19. h4 Qe2 20. Qd2 Qg4 21. e5 Bxe5
22. f3 Qxh4 23. dxe5 Nxe5 24. Qd4 Qxd4 25. Bxd4 Nd7 26. f4 c5 27. Bf2 Ra8 28. a3
Ra4 29. b3 Rxf4 30. a4 Rb4 31. Rfb1 f6 32. Bh3 Kf7 33. Be1 Re4 34. a5 Re3 35.
Bg2 bxa5 36. Rxa5 Rb8 37. Ra7 Ke7 38. Bf2 Rc3 39. Bf1 e5 40. Rba1 Rbxb3 41. Rc7
Ra3 42. Rxa3 Rxa3 43. Bxc5+ Kd8 44. Rxd7+ Kxd7 45. Bxa3 Ke6 46. Bh3+ f5 47. Kf2
d4 48. Bf1 Kd5 49. Bf8 Ke4 50. Bxg7 Kf4 51. Bc4 e4 52. Bxd4 Kxg5 53. Bf7 f4 54.
Be6 Kh4 55. Bd5 e3+ 56. Kf3 g5 57. Bf6 Kh5 58. Bf7+ Kh4 59. Be8 e2 60. Kxe2 1-0

[Event "FIDE World Rapid Team"]
[Site "London ENG"]
[Date "2025.06.11"]
[Round "2.5"]
[White "Kalender, Murat Emre"]
[Black "Uuriintuya, Uurtsaikh"]
[Result "1/2-1/2"]
[BlackTitle "WGM"]
[WhiteElo "1782"]
[BlackElo "2141"]
[WhiteTeam "Satranc Istanbul"]
[BlackTeam "Mongolia-A"]
[WhiteFideId "34531815"]
[BlackFideId "4900227"]
[EventDate "2025.06.11"]
[EventType "team"]

1. d4 Nf6 2. Bf4 g6 3. Nc3 d5 4. e3 Bg7 5. h4 h5 6. Be2 O-O 7. f3 c5 8. g4 Nc6
9. dxc5 Qa5 10. Kf1 Qxc5 11. g5 Nd7 12. Qxd5 Qxd5 13. Nxd5 Bxb2 14. Rb1 Be5 15.
Bb5 e6 16. Bxc6 bxc6 17. Ne7+ Kg7 18. Nxc6 Ba6+ 19. Kf2 Bxf4 20. exf4 Rfc8 21.
Nd4 Nb6 22. Nge2 Nd5 23. Rb2 Rc4 24. Rd1 Rac8 25. Rd2 Ra4 26. Rd1 Rcc4 27. Rd2
Rc8 28. Rd1 Rac4 29. Rd2 Ra4 30. Rd1 Rc7 31. Rd2 Nb4 32. Rd1 Nxa2 33. Ra1 Nc3
34. Rxa4 Nxa4 35. Ra2 Nc5 36. Nb3 Bc4 37. Ra3 a6 38. Ned4 Nxb3 39. cxb3 Bb5 40.
Nxb5 axb5 41. Ra5 Rc5 42. b4 Rd5 43. Ke3 Kf8 44. Ra8+ Ke7 45. Ra7+ Kf8 46. Ra8+
Kg7 47. Rb8 Rf5 48. Ke4 Rd5 49. Ke3 Rf5 1/2-1/2

[Event "FIDE World Rapid Team"]
[Site "London ENG"]
[Date "2025.06.11"]
[Round "2.6"]
[White "Han, Qixuan"]
[Black "Demir, Aleyna"]
[Result "1-0"]
[WhiteElo "1896"]
[BlackElo "1651"]
[WhiteTeam "Mongolia-A"]
[BlackTeam "Satranc Istanbul"]
[WhiteFideId "496944"]
[BlackFideId "6378323"]
[EventDate "2025.06.11"]
[EventType "team"]

1. Nf3 d5 2. e3 Nf6 3. c4 c6 4. Nc3 Bg4 5. Qb3 Qc7 6. cxd5 cxd5 7. Nxd5 Nxd5 8.
Qxd5 e6 9. Qe4 Bf5 10. Bb5+ Nd7 11. Qa4 Bd6 12. d4 e5 13. dxe5 Bxe5 14. O-O Bd6
15. Bd2 O-O 16. Rac1 Qd8 17. Bc3 Nc5 18. Qd4 Ne6 19. Qd2 Qe7 20. Nd4 Nxd4 21.
Qxd4 f6 22. Qh4 Bg6 23. Rfd1 Rad8 24. h3 a6 25. Bc4+ Kh8 26. Rd4 Bc5 27. Rxd8
Rxd8 28. Qf4 b5 29. Bb3 Rd3 30. Bxf6 gxf6 31. Rxc5 Qxc5 32. Qxf6# 1-0

[Event "FIDE World Rapid Team"]
[Site "London ENG"]
[Date "2025.06.11"]
[Round "2.1"]
[White "Williams, Simon K"]
[Black "Kogan, Arthur"]
[Result "1/2-1/2"]
[WhiteTitle "GM"]
[BlackTitle "GM"]
[WhiteElo "2444"]
[BlackElo "2475"]
[WhiteTeam "e-therapeutics"]
[BlackTeam "OlalaStars"]
[WhiteFideId "404454"]
[BlackFideId "2800802"]
[EventDate "2025.06.11"]
[EventType "team"]

1. d4 d5 2. c4 e6 3. Nc3 Be7 4. Nf3 Nf6 5. Bf4 O-O 6. e3 b6 7. Bd3 Ba6 8. cxd5
Bxd3 9. Qxd3 Nxd5 10. Nxd5 Qxd5 11. O-O c5 12. e4 Qb7 13. d5 exd5 14. exd5 Na6
15. Rad1 Nb4 16. Qf5 g6 17. Qe5 Rfe8 18. a3 Bf8 19. Qg5 Na6 20. d6 c4 21. Be5
Bg7 22. Bxg7 Kxg7 23. Nd4 Qd7 24. g4 Nc5 25. Nf5+ Kg8 26. Ne7+ Kg7 27. Rfe1 f6
28. Qh4 1/2-1/2